000 00864nam a2200217Ia 4500
999 _c38414
_d38414
001 4425
003 GE_BSU
005 20190514192557.0
008 181216s19 |||| |||||||||||||| ||geo||
040 _cGE_BSU
041 _ageo
080 _a519.8(075.8) გ–59
100 _aგოგიჩაიშვილი, გ
_91123
245 _aოპერაციათა კვლევა. ნაწ.1 : ლექციების კონსპექტი /
_cგ. გოგიჩაიშვილი ; ო. შონია ; ი.ქართველიშვილი.
264 _aთბილისი ,
_c1996.
300 _a83 გვ .;
_c20 სმ.
653 _aოპერაციათა კვლევა
700 _a შონია, ო
_91152
700 _aქართველიშვილი, ი
_91153
942 _cBK
_2udc